| 000 -ლიდერი |
| ფიქსირებული სიგრძის საკონტროლო ველი |
02151nam a22002897a 4500 |
| 003 - საკონტროლო ნომრის იდენტიფიკატორი |
| საკონტროლო ველი |
Ge_BSU |
| 005 - ბოლო ოპერაციის თარიღი და დრო |
| საკონტროლო ველი |
20210723133225.0 |
| 008 - ფიქსირებული სიგრძის მონაცემთა ელემენტები - ზოგადი ინფორმაცია |
| ფიქსირებული სიგრძის საკონტროლო ველი |
210723s2021 ge ||||| |||| 00| 0 geo d |
| 020 ## - წიგნის საერთაშორისო სტანდარტული ნომერი |
| International Standard Book Number |
9789941269967 |
| 041 ## - ენის კოდი |
| Language code of text/sound track or separate title |
geo |
| 080 ## - უნივერსალური ათობითი კლასიფიკაციის ინდექსი |
| Universal Decimal Classification number |
94(479.22.5)(095)(035) მ-63 |
| 245 ## - ცნობა სათაურის შესახებ |
| Title |
მესხეთი ოსმალური დავთრების მიხედვით : |
| Remainder of title |
ცნობარი / |
| Statement of responsibility, etc |
დალი ნიკოლაიშვილი, დავით სართანია, ავთანდილ უჯმაჯურიძე, დარეჯან კირთაძე, მანანა კვენეტაძე; თსუ. ზუსტ და საბუნებისმეტყველო მეცნიერებათა ფაკულტეტი. გეოგრაფიის დეპარტამენტი. თსუ მუზეუმი. ივანე ჯავახიშვილის ცენტრი. |
| 264 ## - წარმოების, გამოცემის, დისტრიბუციის და სხვა ცნობები |
| გამოცემის, წარმოების, დისტრიბუციის... ადგილი |
თბილისი : |
| გამოცემის, წარმოების, დისტრიბუციის... სახელწოდება |
უნივერსალი, |
| გამოცემის, წარმოების, დისტრიბუციის... თარიღი |
2021. |
| 300 ## - ფიზიკური აღწერა |
| Extent |
1423 გვ.; |
| Other physical details |
30 სმ. |
| 653 ## - INDEX TERM--UNCONTROLLED |
| Uncontrolled term |
გეოგრაფია |
| 653 ## - INDEX TERM--UNCONTROLLED |
| Uncontrolled term |
მესხეთი |
| 653 ## - INDEX TERM--UNCONTROLLED |
| Uncontrolled term |
ცნობარი |
| 700 ## - ADDED ENTRY--PERSONAL NAME |
| Personal name |
ნიკოლაიშვილი, დალი |
| Relator term |
ავტორი |
| 9 (RLIN) |
4827 |
| 700 ## - ADDED ENTRY--PERSONAL NAME |
| Personal name |
სართანია, დავით |
| Relator term |
ავტორი |
| 9 (RLIN) |
12315 |
| 700 ## - ADDED ENTRY--PERSONAL NAME |
| Personal name |
უჯმაჯურიძე, ავთანდილ |
| Relator term |
ავტორი |
| 9 (RLIN) |
12316 |
| 700 ## - ADDED ENTRY--PERSONAL NAME |
| Personal name |
უჯმაჯურიძე, ავთანდილ |
| Relator term |
ავტორი |
| 9 (RLIN) |
12317 |
| 700 ## - ADDED ENTRY--PERSONAL NAME |
| Personal name |
კირთაძე, დარეჯან |
| Relator term |
ავტორი |
| 9 (RLIN) |
12318 |
| 700 ## - ADDED ENTRY--PERSONAL NAME |
| Personal name |
კვენეტაძე, მანანა |
| Relator term |
ავტორი |
| 9 (RLIN) |
12319 |
| 710 ## - ADDED ENTRY--CORPORATE NAME |
| Corporate name or jurisdiction name as entry element |
თსუ |
| Subordinate unit |
ზუსტ და საბუნებისმეტყველო მეცნიერებათა ფაკულტეტი. გეოგრაფიის დეპარტამენტი |
| 9 (RLIN) |
12320 |
| 710 ## - ADDED ENTRY--CORPORATE NAME |
| Corporate name or jurisdiction name as entry element |
მუზეუმი. ივანე ჯავახიშვილის ცენტრი. |
| 9 (RLIN) |
12321 |
| 942 ## - ADDED ENTRY ELEMENTS (KOHA) |
| Source of classification or shelving scheme |
|
| Koha item type |
წიგნი |